Environmental law / (Record no. 5253)
[ view plain ]
| 000 -LEADER | |
|---|---|
| fixed length control field | 01140nam a22002297a 4500 |
| 008 - FIXED-LENGTH DATA ELEMENTS--GENERAL INFORMATION | |
| fixed length control field | 130213t xxu||||| |||| 00| 0 eng d |
| 020 ## - INTERNATIONAL STANDARD BOOK NUMBER | |
| International Standard Book Number | 9-7804-0694-2913 |
| 082 ## - DEWEY DECIMAL CLASSIFICATION NUMBER | |
| Edition number | 22 ed. |
| Classification number | 344.046 |
| Item number | HUG |
| 100 ## - MAIN ENTRY--PERSONAL NAME | |
| Personal name | Hughes, David |
| 9 (RLIN) | 6896 |
| 245 ## - TITLE STATEMENT | |
| Title | Environmental law / |
| Statement of responsibility, etc | Hughes, David …[et al.] |
| 250 ## - EDITION STATEMENT | |
| Edition statement | 4 ed. |
| 260 ## - PUBLICATION, DISTRIBUTION, ETC. (IMPRINT) | |
| Place of publication, distribution, etc | USA : |
| Name of publisher, distributor, etc | Oxford University press |
| Date of publication, distribution, etc | 2005 |
| 300 ## - PHYSICAL DESCRIPTION | |
| Extent | lxxii, 725 P. ; |
| Dimensions | 24 cm. |
| 500 ## - GENERAL NOTE | |
| General note | Includes Index |
| 650 ## - SUBJECT ADDED ENTRY--TOPICAL TERM | |
| Topical term or geographic name as entry element | Environmental law |
| 9 (RLIN) | 6897 |
| 700 ## - ADDED ENTRY--PERSONAL NAME | |
| Personal name | Jewell, Tim |
| 9 (RLIN) | 6898 |
| 942 ## - ADDED ENTRY ELEMENTS (KOHA) | |
| Source of classification or shelving scheme | Dewey Decimal Classification |
| Item type | Administration of Justice Documents |
| Withdrawn status | Lost status | Source of classification or shelving scheme | Damaged status | Not for loan | Home library | Current library | Shelving location | Date acquired | Total Checkouts | Full call number | Barcode | Date last seen | Price effective from | Koha item type | Public note |
|---|---|---|---|---|---|---|---|---|---|---|---|---|---|---|---|
| Dewey Decimal Classification | Law Development Centre Main Library | Law Development Centre Main Library | Text Books and Laws | 02/13/2013 | 344.046 HUG | 4250/2013 | 02/13/2013 | 02/13/2013 | Books | Reserve | |||||
| Dewey Decimal Classification | Law Development Centre Main Library | Law Development Centre Main Library | Text Books and Laws | 02/13/2013 | 344.046 HUG | 4251/2013 | 02/13/2013 | 02/13/2013 | Books | Reserve | |||||
| Dewey Decimal Classification | Law Development Centre Main Library | Law Development Centre Main Library | Text Books and Laws | 02/13/2013 | 344.046 HUG | 4252/2013 | 02/13/2013 | 02/13/2013 | Books | Reserve | |||||
| Dewey Decimal Classification | Law Development Centre Main Library | Law Development Centre Main Library | Text Books and Laws | 02/13/2013 | 344.046 HUG | 4253/2013 | 02/13/2013 | 02/13/2013 | Books | Reserve |
